Testicular ultrasound measurement of testicular volume and epididymis diameters Prediction of semen quality in a prospective study /

Elmentve itt :
Bibliográfiai részletek
Szerzők: Pásztor Norbert
Veréb Dániel
Király István Előd
Kincses Zsigmond Tamás
Palkó András
Németh Gábor László
Bajory Zoltán
Fejes Zsuzsanna
Dokumentumtípus: Cikk
Megjelent: 2024
Sorozat:IMAGING 16 No. 1
Tárgyszavak:
doi:10.1556/1647.2024.00184

mtmt:34906053
Online Access:http://publicatio.bibl.u-szeged.hu/33208
LEADER 01063nab a2200301 i 4500
001 publ33208
005 20240703135151.0
008 240618s2024 hu o 000 eng d
022 |a 2732-0960 
024 7 |a 10.1556/1647.2024.00184  |2 doi 
024 7 |a 34906053  |2 mtmt 
040 |a SZTE Publicatio Repozitórium  |b hun 
041 |a eng 
100 1 |a Pásztor Norbert 
245 1 0 |a Testicular ultrasound measurement of testicular volume and epididymis diameters  |h [elektronikus dokumentum] :  |b Prediction of semen quality in a prospective study /  |c  Pásztor Norbert 
260 |c 2024 
300 |a 9 
300 |a 50-58 
490 0 |a IMAGING  |v 16 No. 1 
650 4 |a Klinikai orvostan 
700 0 1 |a Veréb Dániel  |e aut 
700 0 1 |a Király István Előd  |e aut 
700 0 1 |a Kincses Zsigmond Tamás  |e aut 
700 0 1 |a Palkó András  |e aut 
700 0 1 |a Németh Gábor László  |e aut 
700 0 1 |a Bajory Zoltán  |e aut 
700 0 1 |a Fejes Zsuzsanna  |e aut 
856 4 0 |u http://publicatio.bibl.u-szeged.hu/33208/1/1647-article-10.1556-1647.2024.00184.pdf  |z Dokumentum-elérés